Statistics for Final Smash to Character

Click here to take the quiz!

General Stats

  • This quiz has been taken 201 times
  • The average score is 13 of 15

Answer Stats

QuestionCharacter% Correct
Releases all of his Pokémon and then unleashes a powerful attack
using each of their strongest moves.
Pokémon Trainer
96%
Uses the seven Chaos Emeralds to transform
into a powered up version of himself that can fly around the screen.
Sonic
96%
Summons a giant iceberg that sits in the middle of the screen,
dealing damage to anyone near it or on the ground.
Ice Climbers
95%
Shoots two giant fire balls spiraling outwards from each other, rarely killing someone.Mario
95%
Pulling out his trusty pair of bongos, he starts to play music that hurts his enemies.Donkey Kong
91%
Shoots yoga poses in a triangular pattern.Wii Fit Trainer
91%
Transforms into an octopus and can move around the screen.
Extending your tentacles deals extra damage.
Mr. Game and Watch
89%
Wielding a sword bigger them himself, he traps his opponents
in the air and repeatedly slashes at them.
Kirby
88%
Calls Up Tom, Timmy and Tommy to have them build a house -
then demolish the unlucky smasher that gets stuck inside.
Villager
88%
Calls his blue ride, then runs over his opponents.Captain Falcon
86%
Even though he personally prefers the air,
this smasher jumps off the screen and returns with a landmaster.
Falco
86%
This space explorer jumps onto his ship and flys into the air
to avoid the enemies that damage the other fighters left down below.
Olimar
82%
Performing an Omnislash, this fighter traps his opponents near the top of the screen
and hits them multiple times, before hitting them to the ground.
Cloud
79%
Changing into his purple clad alter ego,
all of his moves are faster, stronger and more intense.
Wario
77%
Being the original Critical Hit guy,
he now shares this final smash with two other representatives of his series.
Marth
76%

Score Distribution

Percentile by Number Answered

Percent of People with Each Score

Your Score History

You have not taken this quiz